1268 1962 1109 1716 1241 1906 1122 1536 1538 1816 1727 1521 1922 1706 1901 1607 1032 1853 1350 1323 1066 1970 1630 1677 1761 1337 1124 1319 1176 1976 1858 1245 1150 1031 1668 1090 1583 1923 1566 1380 1091 1815 1576 1263 1160 1828 1821 1908 1171 1470 1293 1572 1622 1089 1093 1515 1186 1401 1464 1514 1903 1642 1414 1694 1488 1424 1726 1658 1491 1535 1216 1770 1379 1165 1836 1468 1020 1463 1658 1020 1321 1927 1441 1395 1331 1516 1980 1951 1457 1202 1794 1032 1780 1249 1652 1583 1714 1020 1093 BCNSPRNW ULIB Ver.6.0+V

เปลี่ยนเป็นภาษาไทย

Change to English
 แสดงรายละเอียดบรรณานุกรม
  กลับหน้าหลัก

Brief Record : Get Marc (ISO 2709) : E-mail record : QR code < ปิดหน้าต่าง
LEADER : 00000nam 2200000uu 4500
001    13399112805
003     ULIB
008    110627s2552||||th 000 0 tha d
020    9789742556853
090    นว.^bส984ร 2552
100 0  โสภาค สุวรรณ,นามแฝง
245 00 รักเร่/^cโสภาค สุวรรณ,นามแฝง
250    พิมพ์ครั้งที่ 8
260    กรุงเทพฯ :^bโสภณการพิมพ์,^c2552
300    478 หน้า
710 1  โสภณการพิมพ์
945    ^p350^l0^i028079
995    ทศพร
999 ^a ใช้งานได้ทุกระบบ
รายการนี้ยังไม่มีแท็ก
คุณยังไม่ได้ล็อกอิน คุณสามารถมีกิจกรรมร่วมกับเว็บไซต์ได้ แต่ต้องล็อกอินก่อน ::
  ล็อกอิน

รายการสื่อสารสนเทศ

ลำดับที่ ประเภท เลขเรียก/บาร์โค้ด สถานที่ สถานะ
- ไม่พบข้อมูล -

BibComment


ยังไม่เคยถูกคอมเมนท์

คอมเมนท์ทรัพยากรรายการนี้
  คอมเมนท์: รักเร่ โสภาค สุวร..


 Copyright 2026. Bcnsprnw @Library